header

Trade-offs in analog circuit design (Record no. 65657)

MARC details
000 -LEADER
fixed length control field 01258nam a2200301Ia 4500
245 00 - TITLE STATEMENT
Title Trade-offs in analog circuit design
260 ## - PUBLICATION, DISTRIBUTION, ETC. (IMPRINT)
Place of publication Boston :
Name of publisher Kluwer Academic,
Year of publication c2002.
300 ## - PHYSICAL DESCRIPTION
Number of Pages xxxvi, 1048 p. :
Other physical details ill.
650 #0 - SUBJECT ADDED ENTRY--TOPICAL TERM
Topical Term Electronic circuit design.
Topical Term Engineering economy.
700 1# - ADDED ENTRY--PERSONAL NAME
Personal name Toumazou, C.
Personal name Moschytz, George S.
Personal name Gilbert, Barrie.
856 40 - ELECTRONIC LOCATION AND ACCESS
Uniform Resource Identifier http://site.ebrary.com/lib/rucke/Doc?id=10053398

No items available.

© 2026 Rongo University
Contact us: librarian | system librarian | Rongo university